Score 0/20 Timer 04:00
0 Plays Today
% Correct
high chair
92.3%
low tide
88.8%
high treason
87.3%
high-tops
87.2%
low blow
86.9%
High School Musical
84.2%
High Noon
83.6%
low blood pressure
80.7%
Highness
80.4%
lowercase
79.1%
% Correct
highball
74.3%
lowdown
72%
low-tech
71.3%
Low Rider
68.7%
lowlife
67.7%
high fashion
67.6%
High Priestess
67.3%
lowbrow
66.4%
high-strung
63.8%
Low Countries
47.1%
Remove Ads.
Support Sporcle.
Get the best of Sporcle when you Go Orange. This ad-free experience offers more features, more stats, and more fun while also helping to support Sporcle. Thank you for becoming a member.

You're not logged in!

Compare scores with friends on all Sporcle quizzes.
OR
Log In

Sporcle TV

Today on Sporcle TV


Watch our educational content, quiz creation guides, and fun videos on Sporcle TV.

Show Comments

Extras

Top Quizzes Today


Score Distribution

Paid Content

Your Account Isn't Verified!

In order to create a playlist on Sporcle, you need to verify the email address you used during registration. Go to your Sporcle Settings to finish the process.

Report this User

Report this user for behavior that violates our Community Guidelines.

Details: